[Event "SonFlow Cup"]
[Site "Kolding"]
[Date "2024.04.14"]
[Round "4"]
[White "Hector, Jonny"]
[Black "Brynell, Stellan"]
[Result "1/2-1/2"]
[WhiteElo "2425"]
[BlackElo "2402"]
[PlyCount "80"]
[EventDate "2024.04.12"]
[EventType "swiss"]
[EventRounds "5"]
[EventCountry "DEN"]
[SourceTitle "CB17_2024"]
[SourceDate "2024.04.24"]
[SourceVersion "1"]
[SourceVersionDate "2024.04.24"]
[SourceQuality "1"]

1. e4 e6 2. d4 d5 3. Nc3 Nf6 4. Bg5 dxe4 5. Nxe4 Nbd7 6. Nf3 h6 7. Nxf6+ Nxf6 8. Bh4 c5 9. Bc4 cxd4 10. 0-0 Be7 11. Qe2 0-0 12. Rad1 Qb6 13. Ne5 Rd8 14. Rd3 Qc5 15. Re1 Bd7 16. b4 Qd6 17. c3 Be8 18. Rxd4 Qb6 19. Rxd8 Rxd8 20. Bg3 Nd7 21. Bd3 Nxe5 22. Bxe5 Bd6 23. Bd4 Qc7 24. Qe4 g6 25. Bf6 Be7 26. Bxe7 Qxe7 27. Bf1 a6 28. a3 Bc6 29. Qe3 Kg7 30. c4 Qf6 31. b5 axb5 32. cxb5 Bd5 33. Rc1 Ra8 34. g3 Qf5 35. h4 Qe4 36. Qxe4 Bxe4 37. Bg2 Bxg2 38. Kxg2 Rxa3 39. Rc7 Rb3 40. Rxb7 e5 1/2-1/2

[Event "Fagernes op"]
[Site "Fagernes"]
[Date "2024.03.31"]
[Round "9"]
[White "Akshit, Kumar J"]
[Black "Brynell, Stellan"]
[Result "1/2-1/2"]
[WhiteElo "2172"]
[BlackElo "2406"]
[PlyCount "132"]
[EventDate "2024.03.24"]
[EventType "swiss"]
[EventRounds "9"]
[EventCountry "NOR"]
[SourceTitle "CB14_2024"]
[SourceDate "2024.04.01"]
[SourceVersion "1"]
[SourceVersionDate "2024.04.01"]
[SourceQuality "1"]

1. e4 e6 2. d4 d5 3. Nd2 c5 4. exd5 exd5 5. Ngf3 a6 6. dxc5 Bxc5 7. Nb3 Bb6 8. Bd3 Qe7+ 9. Qe2 Nc6 10. Bg5 f6 11. Bf4 Bg4 12. 0-0-0 Qxe2 13. Bxe2 Nge7 14. h3 Bxf3 15. Bxf3 Bxf2 16. Rhf1 Bb6 17. Bxd5 Nxd5 18. Rxd5 Rd8 19. Rxd8+ Kxd8 20. Rd1+ Kc8 21. Re1 Rd8 22. c3 h5 23. Kc2 Rd5 24. Nd2 Bc7 25. Be3 Ne5 26. Bd4 Ng6 27. Re8+ Rd8 28. Rxd8+ Kxd8 29. g4 Nf4 30. gxh5 Nxh5 31. Ne4 Nf4 32. h4 Ne6 33. Kd3 Kd7 34. Bf2 f5 35. Nd2 g6 36. Nf3 b5 37. b3 Kc6 38. Be1 Kd5 39. c4+ bxc4+ 40. bxc4+ Kc5 41. Bd2 Bg3 42. a3 Kc6 43. Bb4 Bc7 44. Bc3 Bd6 45. Bb4 Bc7 46. Bc3 Nf4+ 47. Kd4 Ne2+ 48. Kd3 Nxc3 49. Kxc3 Kc5 50. Kd3 Bg3 51. Kc3 a5 52. Kd3 a4 53. Kc3 Bc7 54. Kd3 Bd6 55. Nd4 Be7 56. Ne6+ Kd6 57. Nf4 Bxh4 58. Nxg6 Bg3 59. Kc3 Ke6 60. Kd4 Bf2+ 61. Kd3 Bc5 62. Nf4+ Ke5 63. Ne2 Bxa3 64. Nc3 Kf4 65. Ke2 Kg3 66. Kf1 Bb4 1/2-1/2

[Event "Fagernes op"]
[Site "Fagernes"]
[Date "2024.03.28"]
[Round "6"]
[White "Brynell, Stellan"]
[Black "Lindh, Fredrik"]
[Result "0-1"]
[WhiteElo "2406"]
[BlackElo "2256"]
[PlyCount "96"]
[EventDate "2024.03.24"]
[EventType "swiss"]
[EventRounds "9"]
[EventCountry "NOR"]
[SourceTitle "CB14_2024"]
[SourceDate "2024.04.01"]
[SourceVersion "1"]
[SourceVersionDate "2024.04.01"]
[SourceQuality "1"]

1. e4 c5 2. Nf3 Nc6 3. Bb5 g6 4. 0-0 Bg7 5. c3 Nf6 6. Re1 0-0 7. d4 d5 8. e5 Ne4 9. Bxc6 bxc6 10. Be3 Qb6 11. Qc1 cxd4 12. cxd4 f6 13. Nc3 Nxc3 14. Qxc3 Bg4 15. exf6 exf6 16. Nd2 f5 17. f3 f4 18. Bf2 Bf5 19. Nb3 a5 20. Re2 Rfc8 21. Bh4 Qb4 22. Bg5 Qc4 23. Rd2 a4 24. Nc5 Rcb8 25. Rc1 Rb4 26. Qxc4 dxc4 27. Bxf4 a3 28. bxa3 Rxa3 29. Be5 c3 30. Re2 Rb2 31. Ree1 Raxa2 32. g4 Bh6 33. Rxc3 Bd2 34. Rcc1 Bxc1 35. Rxc1 Rb1 36. Rxb1 Bxb1 37. Bg3 Rc2 38. Bf2 Ba2 39. Nd7 Kf7 40. Kg2 Bd5 41. h4 Rc3 42. Ne5+ Ke6 43. Kg3 c5 44. Kf4 c4 45. Be3 Rb3 46. Bc1 c3 47. Ke3 Rb1 48. Ba3 Ra1 0-1

[Event "DEN-chT 2324 61st"]
[Site "Denmark"]
[Date "2024.01.28"]
[Round "6.2"]
[White "Svane, Rasmus"]
[Black "Brynell, Stellan"]
[Result "1/2-1/2"]
[WhiteElo "2637"]
[BlackElo "2401"]
[PlyCount "45"]
[EventDate "2023.10.28"]
[EventType "team-tourn"]
[EventRounds "9"]
[EventCountry "DEN"]
[SourceTitle "CB11_2024"]
[SourceDate "2024.03.13"]
[SourceVersion "1"]
[SourceVersionDate "2024.03.13"]
[SourceQuality "1"]
[WhiteTeam "Skanderborg Nordea"]
[BlackTeam "Nordkalotten"]
[WhiteTeamCountry "DEN"]
[BlackTeamCountry "DEN"]

1. e4 e6 2. d4 d5 3. Nc3 dxe4 4. Nxe4 Be7 5. Nf3 Nf6 6. Bd3 Nbd7 7. Nxf6+ Bxf6 8. Qe2 c5 9. Be3 cxd4 10. Nxd4 a6 11. 0-0-0 Qc7 12. g4 Nc5 13. g5 Be7 14. Nb3 Bd7 15. Nxc5 Bxc5 16. Be4 Be7 17. h4 0-0-0 18. Bd4 f6 19. Qe3 Bc6 20. Bb6 Rxd1+ 21. Rxd1 Qe5 22. f3 fxg5 23. Bxc6 1/2-1/2

[Event "Malmo op"]
[Site "Malmo"]
[Date "2023.12.15"]
[Round "1"]
[White "Sjodahl, Sten"]
[Black "Brynell, Stellan"]
[Result "0-1"]
[WhiteElo "1835"]
[BlackElo "2402"]
[PlyCount "88"]
[EventDate "2023.12.15"]
[EventType "swiss"]
[EventRounds "8"]
[EventCountry "SWE"]
[SourceTitle "CB51_2023"]
[SourceDate "2023.12.20"]
[SourceVersion "1"]
[SourceVersionDate "2023.12.20"]
[SourceQuality "1"]

1. e4 e6 2. d4 d5 3. exd5 exd5 4. c4 Nf6 5. Nc3 Bd6 6. Nf3 0-0 7. Bd3 dxc4 8. Bxc4 Nc6 9. 0-0 h6 10. Be3 Bg4 11. h3 Bh5 12. Be2 a6 13. Rc1 Re8 14. a3 Qd7 15. Qd2 Rad8 16. Rfe1 Ne7 17. Nh2 Bxe2 18. Nxe2 Ned5 19. Nc3 Nxc3 20. Rxc3 Ne4 21. Qc2 Nxc3 22. bxc3 Bxh2+ 23. Kxh2 Qd6+ 24. Kg1 Qxa3 25. Rb1 b6 26. Rb3 Qa4 27. Qb2 Qc4 28. Qc2 a5 29. Rb1 Re6 30. Qb3 Rc6 31. Qxc4 Rxc4 32. Rc1 f6 33. Kf1 Kf7 34. Ke2 Ke6 35. Kd3 Kd5 36. Rb1 Ra4 37. c4+ Rxc4 38. Rb5+ c5 39. Rxb6 cxd4 40. Bd2 Ra8 41. Rb7 Rc6 42. Rd7+ Rd6 43. Rxg7 a4 44. Bf4 a3 0-1

[Event "SWE-chT 2324 Elite"]
[Site "Sweden"]
[Date "2023.10.14"]
[Round "2.4"]
[White "Brynell, Stellan"]
[Black "Rahul, Kumar Pune"]
[Result "1/2-1/2"]
[WhiteElo "2401"]
[BlackElo "2215"]
[PlyCount "108"]
[EventDate "2023.10.13"]
[EventType "team-tourn"]
[EventRounds "9"]
[EventCountry "SWE"]
[SourceTitle "Mega2024 Update 01"]
[Source "Chessbase"]
[SourceDate "2023.11.12"]
[SourceVersion "1"]
[SourceVersionDate "2023.11.12"]
[SourceQuality "1"]
[WhiteTeam "Limhamn"]
[BlackTeam "Orgryte"]
[WhiteTeamCountry "SWE"]
[BlackTeamCountry "SWE"]

1. d4 d6 2. Nf3 g6 3. e4 Bg7 4. Bc4 c6 5. 0-0 Nf6 6. e5 Nd5 7. Re1 h6 8. Nbd2 0-0 9. exd6 exd6 10. c3 Nd7 11. Nf1 N7f6 12. Bd3 Re8 13. Rxe8+ Qxe8 14. Ng3 Be6 15. h3 Qe7 16. Bd2 Re8 17. c4 Nb6 18. b3 Nh7 19. Qc1 Qf8 20. Qa3 Nc8 21. Rd1 Qe7 22. Qc1 Qf8 23. Qc2 Nf6 24. Bf4 Bd7 25. Qd2 Kh7 26. Qb4 b6 27. Qd2 Qe7 28. d5 cxd5 29. cxd5 Nxd5 30. Bxg6+ fxg6 31. Qxd5 Be6 32. Qd3 Qf7 33. Bd2 d5 34. Bc3 Nd6 35. Bxg7 Qxg7 36. h4 Ne4 37. Nxe4 dxe4 38. Qxe4 Bxb3 39. Qxe8 Bxd1 40. Ne5 Bc2 41. f4 Bb1 42. a3 Ba2 43. Kh2 Bb3 44. Qd8 Be6 45. Qd6 Qf6 46. Qc7+ Qg7 47. Qd8 Bf5 48. g4 Be6 49. Kg3 h5 50. g5 Bf5 51. Qf6 Kg8 52. Qd8+ Kh7 53. Qf6 Kg8 54. Qd8+ Kh7 1/2-1/2

[Event "Copenhagen CC GM"]
[Site "Ballerup"]
[Date "2023.08.23"]
[Round "1"]
[White "Brynell, Stellan"]
[Black "Mikkelsen, Nikolaj"]
[Result "1/2-1/2"]
[WhiteElo "2397"]
[BlackElo "2480"]
[PlyCount "82"]
[EventDate "2023.08.23"]
[EventType "tourn"]
[EventRounds "9"]
[EventCountry "DEN"]
[EventCategory "6"]
[SourceTitle "CBM 215 Extra"]
[Source "ChessBase"]
[SourceDate "2023.09.30"]
[SourceVersion "1"]
[SourceVersionDate "2023.09.30"]
[SourceQuality "1"]

1. d4 d5 2. c4 e6 3. Nf3 a6 4. Bg5 Be7 5. Bxe7 Nxe7 6. Nbd2 0-0 7. g3 Nd7 8. Bg2 c5 9. cxd5 Nxd5 10. 0-0 b5 11. dxc5 Nxc5 12. Qc2 Na4 13. b3 Nac3 14. Ne4 Nxe4 15. Qxe4 Bb7 16. Ne5 Rc8 17. Rfd1 Nc3 18. Rxd8 Bxe4 19. Rxf8+ Kxf8 20. Bxe4 Nxe4 21. b4 f6 22. Nd3 Nc3 23. Kf1 Rc4 24. a3 Na4 25. Ke1 Ke7 26. Kd2 Kd6 27. Rc1 Rxc1 28. Kxc1 Kd5 29. Nf4+ Ke5 30. Kc2 g5 31. Nd3+ Kd5 32. f3 Kd4 33. Kd2 e5 34. e3+ Kd5 35. Nf2 Nb6 36. Kc3 Nc4 37. e4+ Ke6 38. Nd3 Nxa3 39. Nc5+ Kd6 40. Nxa6 Nc4 41. Nc5 Nb6 1/2-1/2

[Event "Copenhagen Obro CXU op"]
[Site "Copenhagen"]
[Date "2023.07.26"]
[Round "4"]
[White "Haubro, Martin"]
[Black "Brynell, Stellan"]
[Result "1-0"]
[WhiteElo "2386"]
[BlackElo "2397"]
[PlyCount "67"]
[EventDate "2023.07.24"]
[EventType "swiss"]
[EventRounds "9"]
[EventCountry "DEN"]
[SourceTitle "CBM 215 Extra"]
[Source "ChessBase"]
[SourceDate "2023.09.30"]
[SourceVersion "1"]
[SourceVersionDate "2023.09.30"]
[SourceQuality "1"]

1. e4 e6 2. d4 d5 3. Nc3 Bb4 4. e5 b6 5. a3 Bf8 6. h4 Ba6 7. Bxa6 Nxa6 8. h5 h6 9. Nce2 Qd7 10. Be3 Ne7 11. Nh3 Nb8 12. 0-0 Nbc6 13. b4 0-0-0 14. Qd3 Kb7 15. Bd2 a6 16. a4 Nb8 17. b5 g6 18. bxa6+ Ka7 19. Rfb1 c6 20. Ba5 Nc8 21. Bxb6+ Nxb6 22. a5 Nc4 23. Rb7+ Qxb7 24. axb7 gxh5 25. a6 Be7 26. Nc1 h4 27. Nb3 Rdg8 28. Kh1 Rg7 29. Nd2 Nxd2 30. Qxd2 Rhg8 31. Qa5 Bd8 32. Qc5+ Bb6 33. Qxb6+ Kxb6 34. a7 1-0

[Event "Copenhagen Obro CXU op"]
[Site "Copenhagen"]
[Date "2023.07.25"]
[Round "3"]
[White "Brynell, Stellan"]
[Black "Kistrup, Nicolai"]
[Result "1/2-1/2"]
[WhiteElo "2397"]
[BlackElo "2339"]
[PlyCount "85"]
[EventDate "2023.07.24"]
[EventType "swiss"]
[EventRounds "9"]
[EventCountry "DEN"]
[SourceTitle "CBM 215 Extra"]
[Source "ChessBase"]
[SourceDate "2023.09.30"]
[SourceVersion "1"]
[SourceVersionDate "2023.09.30"]
[SourceQuality "1"]

1. d4 Nf6 2. c4 g6 3. Nf3 Bg7 4. Nc3 d5 5. Bg5 Ne4 6. Bf4 Nxc3 7. bxc3 dxc4 8. e3 Qd5 9. Be2 c6 10. 0-0 Bf5 11. Nd2 Bd3 12. Bxd3 cxd3 13. Qb1 Qb5 14. c4 Qxb1 15. Raxb1 b6 16. Nf3 Nd7 17. Rfd1 0-0 18. Rxd3 Rfe8 19. Rbd1 e5 20. dxe5 Nxe5 21. Bxe5 Bxe5 22. Kf1 c5 23. Ke2 Bf6 24. Rd7 Kf8 25. Rb7 Re7 26. Rdd7 Rxd7 27. Rxd7 a6 28. a4 b5 29. cxb5 axb5 30. axb5 Rb8 31. Nd2 Rxb5 32. Kd3 Rb2 33. g4 Ra2 34. Ne4 Be7 35. g5 Ra1 36. Rc7 Rd1+ 37. Kc4 Rh1 38. Nf6 Bd8 39. Rd7 Be7 40. Ra7 Bd8 41. Rd7 Be7 42. Ra7 Bd8 43. Rd7 1/2-1/2

[Event "Copenhagen Obro CXU op"]
[Site "Copenhagen"]
[Date "2023.07.25"]
[Round "2"]
[White "Hansen, Soren Bech"]
[Black "Brynell, Stellan"]
[Result "0-1"]
[WhiteElo "2208"]
[BlackElo "2397"]
[PlyCount "75"]
[EventDate "2023.07.24"]
[EventType "swiss"]
[EventRounds "9"]
[EventCountry "DEN"]
[SourceTitle "CBM 215 Extra"]
[Source "ChessBase"]
[SourceDate "2023.09.30"]
[SourceVersion "1"]
[SourceVersionDate "2023.09.30"]
[SourceQuality "1"]

1. e4 e6 2. d4 d5 3. e5 c5 4. c3 Nc6 5. Nf3 Bd7 6. Be2 Nge7 7. 0-0 Rc8 8. Na3 cxd4 9. cxd4 Ng6 10. Nc2 Be7 11. Bd3 0-0 12. Qe2 a6 13. Re1 Na5 14. g3 Bb5 15. h4 Bxd3 16. Qxd3 Qc7 17. Ne3 Rfe8 18. h5 Nf8 19. h6 g6 20. Kg2 Nd7 21. b3 Nc6 22. Bd2 Nb4 23. Bxb4 Bxb4 24. Re2 Ba3 25. g4 Be7 26. Rc2 Qd8 27. Rxc8 Qxc8 28. Qd2 Qd8 29. Nc2 f6 30. Re1 fxe5 31. dxe5 Nc5 32. Ncd4 Ne4 33. Qe3 Bc5 34. Re2 Qb6 35. Qd3 Qc7 36. Rc2 Qf7 37. Qe3 Rf8 38. Re2 0-1

[Event "Fredericia"]
[Site "Fredericia"]
[Date "2023.05.20"]
[Round "6"]
[White "Kistrup, Nicolai"]
[Black "Brynell, Stellan"]
[Result "1/2-1/2"]
[WhiteElo "2319"]
[BlackElo "2403"]
[PlyCount "151"]
[EventDate "2023.05.17"]
[EventType "tourn"]
[EventRounds "9"]
[EventCountry "DEN"]
[EventCategory "3"]
[SourceTitle "CBM 214 Extra"]
[Source "ChessBase"]
[SourceDate "2023.07.31"]
[SourceVersion "1"]
[SourceVersionDate "2023.07.31"]
[SourceQuality "1"]

1. d4 Nf6 2. c4 e6 3. Nc3 Bb4 4. Qc2 c5 5. dxc5 0-0 6. a3 Bxc5 7. Bf4 b6 8. Rd1 Bb7 9. e3 Nh5 10. Bg3 f5 11. Qd2 Nxg3 12. hxg3 Qf6 13. Nf3 Rd8 14. Bd3 Nc6 15. g4 Ne5 16. Nxe5 Qxe5 17. b4 Bf8 18. f4 Qf6 19. e4 a5 20. exf5 axb4 21. Ne4 Bxe4 22. Bxe4 Rxa3 23. fxe6 g6 24. exd7 Bc5 25. g5 Qe6 26. Qe2 Kg7 27. Bd3 Qxe2+ 28. Bxe2 Be3 29. g3 b3 30. Bg4 b2 31. Ke2 Bc1 32. Rxc1 bxc1Q 33. Rxc1 Rxg3 34. Be6 Kf8 35. Rb1 Ke7 36. Rxb6 Rc3 37. Rc6 Rxd7 38. Bxd7 Kxd7 39. Kd2 Rh3 40. Rf6 Kc7 41. c5 Kd7 42. c6+ Kc7 43. Ke2 Kb6 44. Kf2 Kc7 45. Kg2 Ra3 46. Rf7+ Kxc6 47. Rxh7 Kd5 48. Re7 Rb3 49. Kf2 Ra3 50. Re3 Ra1 51. Re5+ Kd6 52. Re8 Kd7 53. Re3 Rb1 54. Kf3 Rf1+ 55. Kg3 Rg1+ 56. Kf2 Ra1 57. Re4 Ra3 58. Ke2 Rb3 59. Kd2 Rf3 60. Ke2 Rb3 61. Re3 Rxe3+ 62. Kxe3 Ke7 63. Kd3 Kd7 64. Kc3 Ke6 65. Kd2 Kd6 66. Ke2 Ke6 67. Kf2 Kd7 68. Kf3 Kd6 69. Kg3 Ke7 70. Kf3 Kd6 71. Ke2 Ke6 72. Ke3 Ke7 73. Kd4 Kd6 74. Kc4 Ke6 75. Kd3 Kd7 76. Ke4 1/2-1/2

[Event "Fredericia"]
[Site "Fredericia"]
[Date "2023.05.19"]
[Round "4"]
[White "Brynell, Stellan"]
[Black "Nilssen, Ellen Fredericia"]
[Result "1/2-1/2"]
[WhiteElo "2403"]
[BlackElo "2114"]
[PlyCount "61"]
[EventDate "2023.05.17"]
[EventType "tourn"]
[EventRounds "9"]
[EventCountry "DEN"]
[EventCategory "3"]
[SourceTitle "CBM 214 Extra"]
[Source "ChessBase"]
[SourceDate "2023.07.31"]
[SourceVersion "1"]
[SourceVersionDate "2023.07.31"]
[SourceQuality "1"]

1. Nf3 d5 2. d4 Nf6 3. c4 e6 4. Bg5 h6 5. Bxf6 Qxf6 6. Nc3 c6 7. g3 Nd7 8. Bg2 Bb4 9. 0-0 Bxc3 10. bxc3 dxc4 11. Nd2 0-0 12. f4 c5 13. Nxc4 Rb8 14. e4 Qe7 15. e5 cxd4 16. cxd4 Rd8 17. Qb3 Nf8 18. Nd6 Rxd6 19. exd6 Qxd6 20. Rfd1 b6 21. Rac1 Bb7 22. Bxb7 Rxb7 23. Qf3 Rd7 24. Rc8 Kh7 25. Qe4+ Ng6 26. h4 f5 27. Qf3 Ne7 28. Rc2 Nd5 29. Rc8 Ne7 30. Re8 Nd5 31. Rc8 1/2-1/2

[Event "Fagernes op-A"]
[Site "Fagernes"]
[Date "2023.04.03"]
[Round "2"]
[White "Puranik, Abhimanyu Sameer"]
[Black "Brynell, Stellan"]
[Result "1-0"]
[WhiteElo "2599"]
[BlackElo "2402"]
[PlyCount "89"]
[EventDate "2023.04.02"]
[EventType "swiss"]
[EventRounds "9"]
[EventCountry "NOR"]
[SourceTitle "CBM 213 Extra"]
[Source "ChessBase"]
[SourceDate "2023.05.31"]
[SourceVersion "1"]
[SourceVersionDate "2023.05.31"]
[SourceQuality "1"]

1. e4 e6 2. d4 d5 3. e5 c5 4. c3 Nc6 5. Nf3 Qb6 6. Be2 Nh6 7. Bxh6 gxh6 8. Qd2 Bg7 9. 0-0 0-0 10. Na3 cxd4 11. cxd4 Bd7 12. Nc2 a5 13. Rab1 f6 14. exf6 Rxf6 15. b4 a4 16. b5 Ne7 17. Ne5 Be8 18. Bd3 Rf8 19. Kh1 Bxe5 20. dxe5 Bg6 21. Bxg6 hxg6 22. Qxh6 Rxf2 23. Ne3 Rxf1+ 24. Rxf1 Qxb5 25. Kg1 Qe2 26. h3 Qd2 27. Rf6 d4 28. Rxg6+ Nxg6 29. Qxg6+ Kh8 30. Qh6+ Kg8 31. Qxe6+ Kh8 32. Qf6+ Kh7 33. Qf7+ Kh8 34. Qf6+ Kh7 35. Qh4+ Kg8 36. Nf5 Ra6 37. Kh2 d3 38. Qc4+ Kf8 39. Qc8+ Kf7 40. Qxb7+ Kg6 41. Nh4+ Kh5 42. Qxa6 Qf4+ 43. g3 Qf2+ 44. Ng2 d2 45. Qd3 1-0

[Event "SWE-chT 2223 Elite"]
[Site "Sweden"]
[Date "2023.03.11"]
[Round "8.1"]
[White "Livner, Anders"]
[Black "Brynell, Stellan"]
[Result "1/2-1/2"]
[WhiteElo "2359"]
[BlackElo "2383"]
[PlyCount "56"]
[EventDate "2022.10.14"]
[EventType "team-tourn"]
[EventRounds "9"]
[EventCountry "SWE"]
[SourceTitle "CBM 213 Extra"]
[Source "ChessBase"]
[SourceDate "2023.05.31"]
[SourceVersion "1"]
[SourceVersionDate "2023.05.31"]
[SourceQuality "1"]
[WhiteTeam "Farsta"]
[BlackTeam "Limhamn"]
[WhiteTeamCountry "SWE"]
[BlackTeamCountry "SWE"]

1. Nf3 d5 2. g3 Nf6 3. Bg2 c6 4. c4 g6 5. b3 Bg7 6. Bb2 0-0 7. 0-0 a5 8. Qc2 Na6 9. a3 Bf5 10. d3 Qc8 11. Re1 Bh3 12. Bh1 h6 13. Nbd2 Nc7 14. b4 Ne6 15. Be5 Ng4 16. Bxg7 Nxg7 17. Qb2 axb4 18. axb4 Qf5 19. e4 dxe4 20. Nxe4 Ne6 21. d4 g5 22. Nc5 Rxa1 23. Rxa1 Nxc5 24. bxc5 Rd8 25. Bg2 Bxg2 26. Kxg2 Nf6 27. h3 Rd7 28. Re1 Qd3 1/2-1/2

[Event "SWE-chT 2223 Elite"]
[Site "Sweden"]
[Date "2023.01.22"]
[Round "5.2"]
[White "Brynell, Stellan"]
[Black "Gdanski, Jacek"]
[Result "1/2-1/2"]
[WhiteElo "2383"]
[BlackElo "2493"]
[PlyCount "81"]
[EventDate "2022.10.14"]
[EventType "team-tourn"]
[EventRounds "9"]
[EventCountry "SWE"]
[SourceTitle "CBM 213 Extra"]
[Source "ChessBase"]
[SourceDate "2023.05.31"]
[SourceVersion "1"]
[SourceVersionDate "2023.05.31"]
[SourceQuality "1"]
[WhiteTeam "Limhamn"]
[BlackTeam "Eksjo"]
[WhiteTeamCountry "SWE"]
[BlackTeamCountry "SWE"]

1. d4 Nf6 2. Nf3 c5 3. d5 d6 4. Nc3 g6 5. e4 Bg7 6. Bc4 0-0 7. 0-0 Bg4 8. h3 Bxf3 9. Qxf3 Nbd7 10. Qd1 Ne8 11. Re1 a6 12. a4 b6 13. Bf4 Nc7 14. Qd2 Rb8 15. Bh6 b5 16. Bxg7 Kxg7 17. axb5 axb5 18. Be2 Nf6 19. Bf3 e6 20. dxe6 Nxe6 21. Ne2 Qb6 22. g3 Rfe8 23. Bg2 b4 24. Qd3 Rbd8 25. Ra6 Qc7 26. Rea1 c4 27. Qd2 Qb8 28. R6a4 c3 29. bxc3 bxc3 30. Nxc3 Rc8 31. Nd5 Nxd5 32. exd5 Nc5 33. Qd4+ Kg8 34. Ra7 Rc7 35. Rxc7 Qxc7 36. h4 Qe7 37. Bf3 h5 38. Kg2 Qd8 39. Qf4 Kg7 40. Ra7 Qf6 41. Qxf6+ 1/2-1/2

[Event "Malmo op"]
[Site "Malmo"]
[Date "2022.12.17"]
[Round "5"]
[White "Liu, Casper Yukun"]
[Black "Brynell, Stellan"]
[Result "0-1"]
[WhiteElo "2306"]
[BlackElo "2388"]
[PlyCount "88"]
[EventDate "2022.12.16"]
[EventType "swiss"]
[EventRounds "8"]
[EventCountry "SWE"]
[SourceTitle "CBM 211 Extra"]
[Source "ChessBase"]
[SourceDate "2023.01.31"]
[SourceVersion "1"]
[SourceVersionDate "2023.01.31"]
[SourceQuality "1"]

1. d4 e6 2. c4 Nf6 3. g3 c5 4. d5 exd5 5. cxd5 d6 6. Nc3 g6 7. Bg2 Bg7 8. Nf3 0-0 9. 0-0 Re8 10. Bf4 Na6 11. Nd2 Nh5 12. Nc4 Nxf4 13. gxf4 Nc7 14. a4 b6 15. e4 Ba6 16. Qb3 Bxc4 17. Qxc4 Qh4 18. b4 Qxf4 19. Ne2 Qh4 20. Rab1 Rab8 21. f4 a5 22. bxa5 bxa5 23. Rfc1 Rec8 24. Qd3 Qd8 25. e5 Ne8 26. Bh3 Rxb1 27. Rxb1 Rb8 28. Rxb8 Qxb8 29. Qb5 Qxb5 30. axb5 dxe5 31. b6 exf4 32. b7 Be5 33. Nc3 Bb8 34. Na4 c4 35. Bf1 Nd6 36. Nc5 Ba7 37. Kg2 g5 38. Kf3 f5 39. Be2 a4 40. Nxa4 Nxb7 41. Bxc4 Nd6 42. Bd3 Bd4 43. Ke2 Kf7 44. Kd2 Kf6 0-1

[Event "Malmo op"]
[Site "Malmo"]
[Date "2022.12.16"]
[Round "3"]
[White "Nord, Alexander"]
[Black "Brynell, Stellan"]
[Result "0-1"]
[WhiteElo "2137"]
[BlackElo "2388"]
[PlyCount "74"]
[EventDate "2022.12.16"]
[EventType "swiss"]
[EventRounds "8"]
[EventCountry "SWE"]
[SourceTitle "CBM 211 Extra"]
[Source "ChessBase"]
[SourceDate "2023.01.31"]
[SourceVersion "1"]
[SourceVersionDate "2023.01.31"]
[SourceQuality "1"]

1. e4 e6 2. d3 d5 3. Nd2 Nf6 4. Ngf3 b6 5. g3 dxe4 6. dxe4 Bb7 7. Qe2 Ba6 8. c4 Nc6 9. e5 Nd7 10. Bg2 Nc5 11. 0-0 Bb7 12. Rd1 Qd3 13. Qxd3 Nxd3 14. Nb3 0-0-0 15. Bg5 Be7 16. Bxe7 Nxe7 17. Ng5 Nxe5 18. Bxb7+ Kxb7 19. f4 h6 20. fxe5 hxg5 21. Rxd8 Rxd8 22. Rf1 Rf8 23. Nd4 Ng6 24. Nf3 g4 25. Ng5 Nxe5 26. Nxe6 Rh8 27. Nd4 c5 28. Nf5 Nf3+ 29. Kf2 Rxh2+ 30. Ke3 Rxb2 31. Rd1 Ne5 32. Kf4 f6 33. Nxg7 Rxa2 34. Ne8 Rf2+ 35. Ke4 Nxc4 36. Rd7+ Ka6 37. Rg7 Re2+ 0-1

[Event "DEN-chT 2223 60th"]
[Site "Denmark"]
[Date "2022.11.20"]
[Round "3.2"]
[White "Rostgaard, Tobias Valentin"]
[Black "Brynell, Stellan"]
[Result "1-0"]
[WhiteElo "2323"]
[BlackElo "2383"]
[PlyCount "44"]
[EventDate "2022.10.29"]
[EventType "team-tourn"]
[EventRounds "9"]
[EventCountry "DEN"]
[SourceTitle "CBM 213 Extra"]
[Source "ChessBase"]
[SourceDate "2023.05.31"]
[SourceVersion "1"]
[SourceVersionDate "2023.05.31"]
[SourceQuality "1"]
[WhiteTeam "BMS"]
[BlackTeam "Nordkalotten"]
[WhiteTeamCountry "DEN"]
[BlackTeamCountry "DEN"]

1. d4 Nf6 2. Nf3 e6 3. Bf4 b6 4. e3 Bb7 5. Nbd2 c5 6. c3 Be7 7. Bd3 cxd4 8. exd4 d6 9. a4 a6 10. Qb3 0-0 11. a5 b5 12. c4 Nc6 13. cxb5 Nxa5 14. Qc2 axb5 15. Bg5 h6 16. Bxf6 Bxf6 17. Bxb5 Qb6 18. Qd3 Nc6 19. Rd1 Nxd4 20. Nxd4 Qxd4 21. Qxd4 Bxd4 22. Nc4 Bxg2 1-0

[Event "DEN-chT 2223 60th"]
[Site "Denmark"]
[Date "2022.10.30"]
[Round "2.2"]
[White "Brynell, Stellan"]
[Black "Ramsdal, Jens Albert"]
[Result "1-0"]
[WhiteElo "2383"]
[BlackElo "2318"]
[PlyCount "109"]
[EventDate "2022.10.29"]
[EventType "team-tourn"]
[EventRounds "9"]
[EventCountry "DEN"]
[SourceTitle "EXT 2024"]
[Source "ChessBase"]
[SourceDate "2023.10.10"]
[SourceVersion "1"]
[SourceVersionDate "2023.10.10"]
[SourceQuality "1"]
[WhiteTeam "Nordkalotten"]
[BlackTeam "Copenhagen 68"]
[WhiteTeamCountry "DEN"]
[BlackTeamCountry "DEN"]

1. d4 Nf6 2. Nf3 e6 3. c4 d5 4. Nc3 Bb4 5. e3 0-0 6. Bd3 dxc4 7. Bxc4 a6 8. 0-0 b5 9. Be2 Be7 10. b3 Nbd7 11. Bb2 Bb7 12. a4 c6 13. Bd3 Qb6 14. Qe2 Rfd8 15. Rfd1 Rac8 16. Rac1 Qa7 17. e4 Nf8 18. e5 Nd5 19. Nxd5 Rxd5 20. axb5 axb5 21. Nd2 Rdd8 22. Ne4 Qb6 23. Qc2 Ra8 24. Ra1 Rxa1 25. Rxa1 Rxd4 26. Bxd4 Qxd4 27. Qc3 Qxc3 28. Nxc3 Bc5 29. Rd1 f5 30. exf6 gxf6 31. Be4 f5 32. Bf3 e5 33. Rd8 e4 34. Bh5 e3 35. fxe3 Bxe3+ 36. Kf1 b4 37. Nd1 Bf4 38. g3 Bc7 39. Re8 c5 40. Re7 Ba6+ 41. Be2 Bd6 42. Ra7 Bxe2+ 43. Kxe2 f4 44. gxf4 Bxf4 45. h3 Ng6 46. Nf2 Bd6 47. Ne4 Be7 48. Kf3 Kf8 49. Rc7 c4 50. bxc4 b3 51. c5 Ne5+ 52. Ke2 Kf7 53. Kd2 b2 54. Kc2 Nc4 55. Nd6+ 1-0

[Event "SWE-chT 2223 Elite"]
[Site "Sweden"]
[Date "2022.10.14"]
[Round "1.3"]
[White "Trost, Edvin"]
[Black "Brynell, Stellan"]
[Result "1/2-1/2"]
[WhiteElo "2347"]
[BlackElo "2383"]
[PlyCount "53"]
[EventDate "2022.10.14"]
[EventType "team-tourn"]
[EventRounds "9"]
[EventCountry "SWE"]
[SourceTitle "CBM 210 Extra"]
[Source "ChessBase"]
[SourceDate "2022.11.30"]
[SourceVersion "1"]
[SourceVersionDate "2022.11.30"]
[SourceQuality "1"]
[WhiteTeam "Stockholm Rockaden"]
[BlackTeam "Limhamn"]
[WhiteTeamCountry "SWE"]
[BlackTeamCountry "SWE"]

1. d4 Nf6 2. c4 e6 3. Nf3 d5 4. g3 dxc4 5. Bg2 c5 6. 0-0 Nc6 7. dxc5 Qxd1 8. Rxd1 Bxc5 9. Nfd2 0-0 10. Nxc4 Rd8 11. Rxd8+ Nxd8 12. Nc3 Bd7 13. Na5 Ng4 14. Ne4 Bb4 15. Bd2 Bxd2 16. Nxd2 Rc8 17. Nxb7 Nxb7 18. Bxb7 Rc2 19. Rd1 Rxb2 20. Bf3 Ne5 21. Nc4 Nxf3+ 22. exf3 Rb7 23. Nd6 Rc7 24. Nb5 Rb7 25. Nd6 Rc7 26. Nb5 Rb7 27. Nd6 1/2-1/2